UK national ecosystem assessment understanding nature's value to society (Record no. 112367)

MARC details
000 -LEADER
fixed length control field 01479cad a22002655a 4500
001 - CONTROL NUMBER
control field L153085
008 - FIXED-LENGTH DATA ELEMENTS--GENERAL INFORMATION
fixed length control field 110607s2011 xxk f 000 0 eng d
035 ## - SYSTEM CONTROL NUMBER
System control number (Sirsi) u153085
041 0# - LANGUAGE CODE
Language code of text/sound track or separate title eng
110 2# - MAIN ENTRY--CORPORATE NAME
Corporate name or jurisdiction name as entry element United Kingdom
Subordinate unit Department for Environment, Food and Rural Affairs
245 00 - TITLE STATEMENT
Title UK national ecosystem assessment understanding nature's value to society
Remainder of title synthesis of the key findings
Medium [electronic resource]
260 ## - PUBLICATION, DISTRIBUTION, ETC.
Place of publication, distribution, etc. London
Name of publisher, distributor, etc. DEFRA
Date of publication, distribution, etc. 2011
520 ## - SUMMARY, ETC.
Summary, etc. Provides a comprehensive overview of the state of the natural environment in the UK and a new way of estimating our national wealth. Argues that we have under valued our natural resources and by valuing them properly will enable better decision making, more certain investment, new avenues to wealth creation and jobs. Ministers who commissioned the NEA will use it to re-shape planning policy.
590 ## - LOCAL NOTE (RLIN)
Local note KA NTK
651 #4 - SUBJECT ADDED ENTRY--GEOGRAPHIC NAME
Geographic name ENGLAND AND WALES
690 ## - LOCAL SUBJECT ADDED ENTRY--TOPICAL TERM (OCLC, RLIN)
Topical term or geographic name as entry element ENVIRONMENTAL AND LAND CONSULTANCY-ENVIRONMENTAL MANAGEMENT
710 1# - ADDED ENTRY--CORPORATE NAME
Corporate name or jurisdiction name as entry element Countryside Council for Wales
9 (RLIN) 1619
710 1# - ADDED ENTRY--CORPORATE NAME
Corporate name or jurisdiction name as entry element Economic and Social Research Council
9 (RLIN) 1854
710 1# - ADDED ENTRY--CORPORATE NAME
Corporate name or jurisdiction name as entry element Natural Environment Research Council
9 (RLIN) 1024
710 1# - ADDED ENTRY--CORPORATE NAME
Corporate name or jurisdiction name as entry element Northern Ireland Environment Agency
9 (RLIN) 5728
710 1# - ADDED ENTRY--CORPORATE NAME
Corporate name or jurisdiction name as entry element Scottish Executive
9 (RLIN) 3811
710 1# - ADDED ENTRY--CORPORATE NAME
Corporate name or jurisdiction name as entry element Wales
Subordinate unit Welsh Assembly Government
856 40 - ELECTRONIC LOCATION AND ACCESS
Uniform Resource Identifier <a href="https://archive.defra.gov.uk/environment/natural/documents/UKNEA_SynthesisReport.pdf">https://archive.defra.gov.uk/environment/natural/documents/UKNEA_SynthesisReport.pdf</a>
Public note View the item free of charge at archive.defra.gov.uk
942 ## - ADDED ENTRY ELEMENTS (KOHA)
Suppress in OPAC 0
Holdings
Withdrawn status Lost status Source of classification or shelving scheme Damaged status Not for loan Home library Current library Shelving location Date acquired Total Checkouts Full call number Barcode Date last seen Copy number Price effective from Koha item type
    Dewey Decimal Classification     Virtual Virtual Online 07/06/2011   ONLINE PUBLICATION 153085-2001 06/08/2019 1 06/08/2019 Book